000 00718nam a2200241Ia 4500
008 191119s9999 xx 000 0 und d
020 _a978-1-61519-013-3
050 _aMAIN BF 637.I48
050 _b.M34 2010
100 _aMcGrath, Helen.
245 0 _aDifficult personalities :
245 2 _ba practical guide to managing the hurtful behavior of others (and maybe your own) /
245 0 _cHelen McGrath and Hazel Edwards.
260 _aNew York :
260 _bExperiment,
260 _c2010
300 _a285 pages :
300 _c20 cm.
650 _aBehavior modification.
650 _aSocial interaction.
650 _xCommunication -- Social aspects.
650 _xInterpersonal conflict.
999 _c363133
_d363133